Devinez le Département Mystère #63 - Statistiques

Statistiques générales
  • Ce quiz a été pris 165 fois
  • Le résultat moyen est 32 sur 39
Statistiques - réponses
Type de Réponse Réponse % Correct
Lettre Trouvée E
100%
Lettre Trouvée N
100%
Lettre Trouvée R
100%
Lettre Trouvée A
99%
Lettre de l'Alphabet L
99%
Lettre de l'Alphabet O
99%
Lettre Trouvée T
99%
Lettre Trouvée I
98%
Lettre de l'Alphabet H
96%
Lettre Trouvée S
96%
Lettre de l'Alphabet D
94%
Lettre de l'Alphabet U
94%
Lettre de l'Alphabet C
93%
Lettre Trouvée M
91%
Lettre de l'Alphabet G
88%
Lettre de l'Alphabet V
87%
Lettre de l'Alphabet B
84%
Lettre de l'Alphabet P
83%
Lettre de l'Alphabet Y
78%
Lettre Bien Placée E
77%
Lettre de l'Alphabet F
75%
Lettre de l'Alphabet Q
75%
Lettre Bien Placée E
73%
Lettre Bien Placée E
73%
Lettre de l'Alphabet J
73%
Lettre Bien Placée T
73%
Lettre Bien Placée I
72%
Lettre Bien Placée N
72%
Lettre Bien Placée N
72%
Lettre de l'Alphabet Z
72%
Lettre de l'Alphabet X
69%
Lettre Bien Placée A
68%
Lettre Bien Placée E
68%
Lettre de l'Alphabet K
68%
Lettre Bien Placée M
68%
Lettre Bien Placée R
68%
Lettre Bien Placée S
68%
Département Mystère Seine-et-Marne
68%
Lettre de l'Alphabet W
68%
Aucun quiz correspondant
Distribution des résultats
% des personnes avec chaque résultat
Percentile par nombre de réponses
Votre historique - résultats
Vous n’avez pas pris ce quiz